Modelling thought and constructing meaning : cognitive models in interaction

Αποθηκεύτηκε σε:
Λεπτομέρειες βιβλιογραφικής εγγραφής
Άλλοι συγγραφείς: Baicchi, Annalisa (Επιμελητής έκδοσης), Broccias, Cristiano 1972- (Επιμελητής έκδοσης), Sanso, Andrea 1975- (Επιμελητής έκδοσης)
Μορφή: Βιβλίο
Γλώσσα:English
Δημοσίευση: Milano : FrancoAngeli, c2005
Σειρά:Materiali linguistici ; ; 50
Θέματα:
Ετικέτες: Προσθήκη ετικέτας
Δεν υπάρχουν, Καταχωρήστε ετικέτα πρώτοι!

MARC

LEADER 00000nam a2200000 i 4500
001 1/30622
008 060601s2005 eng d
020 |a 88-464-6889-9 
035 |l 10084195 
040 |a GR-MY-UA  |b gre  |e aacr 
041 0 |a eng 
082 0 |a 415  |2 (22) 
245 1 0 |a Modelling thought and constructing meaning :  |b cognitive models in interaction /  |c edited by Annalisa Baicchi, Cristiano Broccias, Andrea Sanso 
260 |a Milano :   |b FrancoAngeli,   |c c2005 
300 |a 252 σ.;  |c 23 εκ. 
490 1 |a Materiali linguistici  |v ; 50 
500 |a Επιλεγμένες σημειώσεις που παρουσιάστηκαν στο συνέδριο που πραγματοποιήθηκε στην Pavia, 20-22 Νοεμβρ., 2003. 
504 |a Περιέχει βιβλιογραφία (σ. 229-250) 
650 0 0 |a Cognitive grammar  |x Congresses. 
700 1 |a Baicchi, Annalisa.  |4 edt 
700 1 |a Broccias, Cristiano  |d 1972-  |4 edt 
700 1 |a Sanso, Andrea  |d 1975-  |4 edt 
830 0 |a Materiali linguistici ;  |v ; 50 
852 |a INST  |b LESVOS  |e 20060601  |h 415 MOD  |p 005100035806  |q 005100035806  |t BK  |y 0 
901 |a BIBL1-2006-2 
909 |a Λ  |b 128570 
920 |a ΕΠΕΑΕΚ ΚΟΙΝΩΝΙΚΗΣ ΑΝΘΡΩΠΟΛΟΓΙΑΣ ΚΑΙ ΙΣΤΟΡΙΑΣ  |y ΛΕΣΒΟΣ  |z 2006-05 
970 |a ΚΑΡΑ  |b ΓΙΑΣΕΜΗ  |z 2006/06/01